|
|
|
|
| LEADER |
01165nam a22002537a 4500 |
| 001 |
30392 |
| 003 |
BD-DhAAL |
| 005 |
20241113140630.0 |
| 008 |
150906s2008 bg a|||| |||| 00| 0 eng d |
| 040 |
|
|
|a BD-DhAAL
|c BD-DhAAL
|
| 082 |
|
|
|2 22
|a 307.1412095492
|
| 245 |
|
|
|a BRAC :
|k annual report,
|f 2007.
|
| 246 |
|
|
|a BRAC annual report 2007
|
| 260 |
|
|
|a Dhaka :
|b BRAC,
|c 2008.
|
| 300 |
|
|
|a 109 pages :
|b illustrations ;
|c 25 cm.
|
| 541 |
|
|
|e 30392
|a Ayesha Abed Library
|
| 610 |
|
|
|a BRAC
|9 14405
|
| 650 |
|
|
|a Rural development
|z Bangladesh.
|9 14406
|
| 710 |
|
|
|a BRAC
|9 14405
|
| 852 |
|
|
|a Ayesha Abed Library
|c BRAC Resource Section
|
| 942 |
|
|
|2 ddc
|c BK
|
| 999 |
|
|
|c 36080
|d 36080
|
| 952 |
|
|
|0 0
|1 0
|2 ddc
|4 0
|6 307_141209549200000_BRA
|7 1
|8 RPT
|9 56696
|a BRACUL
|b BRACUL
|c BRS
|d 2015-11-09
|e Complimentary copy from BRAC
|l 0
|o 307.1412095492 BRA
|p 3010030392
|r 2015-11-09
|t 1
|w 2015-11-09
|y BK
|x Complimentary copy from BRAC ; price not available in register
|
| 952 |
|
|
|0 0
|1 0
|2 ddc
|4 0
|6 307_141209549200000_BRA
|7 1
|8 RPT
|9 56842
|a BRACUL
|b BRACUL
|c BRS
|d 2015-11-16
|e Ayesha Abed Library
|l 0
|o 307.1412095492 BRA
|p 3010030492
|r 2015-11-16
|t 2
|w 2015-11-16
|y BK
|x Ayesha Abed Library ; price not available in register
|